Clemency Pogue : fairy killer

Bibliographic Details
Main Author: Petty, J. T
Format: Book
Published: London : Simon and Schuster , 2005
Subjects:

MARC

LEADER 00000cam a2200000 7i4500
001 0000011324
005 20151222.0
008 071113
020 |a 1416901434 
090 0 0 |a JF   |b ENG 
100 1 |a Petty, J. T 
245 1 0 |a Clemency Pogue :   |b fairy killer   |c J. T Petty; illustrated by Will Davis 
260 |a London :   |b Simon and Schuster ,   |c 2005 
500 |a Children ages 10-12 years old (pink) 
650 0 |a English fiction 
650 0 |a Novel 
650 0 |a Schools   |x Fiction 
999 |a 0000998657   |b Book   |c Children Collection   |e Cawangan Tmn. Ungku Tun Aminah